header

HIV/AIDS in Southeastern Europe (Record no. 58112)

MARC details
000 -LEADER
fixed length control field 01418nam a22003614a 4500
082 04 - DEWEY DECIMAL CLASSIFICATION NUMBER
Classification number 362.1/969792/009496
100 1# - MAIN ENTRY--AUTHOR NAME
Personal name Novotny, Thomas E.
245 10 - TITLE STATEMENT
Title HIV/AIDS in Southeastern Europe
260 ## - PUBLICATION, DISTRIBUTION, ETC. (IMPRINT)
Place of publication Washington, D.C. :
Name of publisher World Bank,
Year of publication c2003.
300 ## - PHYSICAL DESCRIPTION
Number of Pages ix, 37 p.
490 1# - SERIES STATEMENT
Series statement World Bank working paper,
650 #0 - SUBJECT ADDED ENTRY--TOPICAL TERM
Topical Term AIDS (Disease)
Topical Term AIDS (Disease)
Topical Term AIDS (Disease)
700 1# - ADDED ENTRY--PERSONAL NAME
Personal name Haazen, Dominic,
Personal name Adeyi, Olusoji.
856 40 - ELECTRONIC LOCATION AND ACCESS
Uniform Resource Identifier http://site.ebrary.com/lib/rucke/Doc?id=10038977

No items available.

© 2026 Rongo University
Contact us: librarian | system librarian | Rongo university